000
00321nam a2200133Ia 4500
005
20251222141922.0
008
251222s9999||||xx |||||||||||||| ||spa||
082
_a
330.985/B25
100
_a
Barreto, Emilio G.
245
0
_a
Crisis en la EconomÃa Peruana: 1980-1983
250
_a
2a.ed.
264
_b
BCRP
942
_c
LIB
999
_c
8761
_d
8761